Statistics for Interwar Dictatorships

Click here to take the quiz!

General Stats

  • This quiz has been taken 20 times
  • The average score is 9 of 22

Answer Stats

Answer% Correct
Adolf Hitler
100%
Benito Mussolini
100%
Francisco Franco
100%
Josef Stalin
100%
Vladimir Lenin
100%
António de Oliveira Salazar
78%
Mustafa Kemal Atatürk
72%
Zog I
44%
Miklós Horthy
39%
Ioannis Metaxas
28%
Boris III
22%
Carol II
22%
Józef Piłsudski
22%
Engelbert Dolfuss
17%
Jozef Tiso
17%
Kurt Schuschnigg
17%
Alexander I
11%
Antanas Smetona
11%
Béla Kun
11%
Giuliano Gozi
11%
Konstantin Päts
11%
Kārlis Ulmanis
6%

Score Distribution

Percentile by Number Answered

Percent of People with Each Score

Your Score History

You have not taken this quiz